Pioneers together : (Record no. 53954)

MARC details
000 -LEADER
fixed length control field 00415nam a2200133Ia 4500
005 - DATE AND TIME OF LATEST TRANSACTION
control field 20260430133757.0
008 - FIXED-LENGTH DATA ELEMENTS--GENERAL INFORMATION
fixed length control field 260429s9999||||xx |||||||||||||| ||und||
082 ## - DEWEY DECIMAL CLASSIFICATION NUMBER
Classification number 289.2
Item number EDM
100 ## - MAIN ENTRY--PERSONAL NAME
Personal name Edwards, Josephine Cunnington
245 #0 - TITLE STATEMENT
Title Pioneers together :
Remainder of title a biography of the Roy F. Cottrells /
Statement of responsibility, etc Josephine Cunnington Edwards
260 ## - PUBLICATION, DISTRIBUTION, ETC. (IMPRINT)
Place of publication, distribution, etc USA :
Name of publisher, distributor, etc Southern Publishing,
Date of publication, distribution, etc 1967.
300 ## - PHYSICAL DESCRIPTION
Extent 238 p.; hb
942 ## - ADDED ENTRY ELEMENTS (KOHA)
Koha item type Text Books
Holdings
Withdrawn status Lost status Damaged status Not for loan Home library Location Shelving location Date of Cataloging Source of acquisition Total Checkouts Full call number Barcode Date last seen Price effective from Koha item type
        CUTN Central Library CUTN Central Library Religion 30/04/2026 Gratis   289.2 EDM 55943 30/04/2026 30/04/2026 Text Books